01068nam a22002657a 45000010005000000030006000050050017000110080041000280200017000690400029000860500014001150820010001291000031001392450091001702600049002613000050003104900042003605050009004025200256004115210031006675210020006986000023007186500028007417000033007693424FISKH20250605101224.0240304b cb ||||| |||| 00| 0 eng d a708431306745 aFISKHbengcFISKHdFISKH aPZ7.S6982 a372.4 aSonneborn, Scott eauthor  aThe tour de bikini bottom /cwritten by Scott Sonneborn ; illustrated by Warner McGee  aCalifornia : bLeapFrog Enterprise , c2007  a25 pages : bcolor illustrations ; c24 cm .  a(Spongebob Squarepants Ready-to-Read) aJ  aWhen Squidward sets off to compete in the Bikini Bottom Bike Race, SpongeBob and Patrick vow to help him win. But instead of helping him, their efforts force him into last place. Will Squidward ever shake SpongeBob and Patrick long enough to catch up?8 a500 bLexile estimate 8 aJ bRaz-Plus  2oceanvNon-Fiction aSpongeBobvNon- Fiction aMcGee, Warner eillustrator